000 00475nam a2200169 a 4500
005 20210219160418.0
008 081107s1989 mx r 000 0 spa d
020 _a9231026097
035 _aUPN01000165214
049 _aUNE
080 _a341.16: 001 (100) "1988" ENL.
245 0 0 _a1988 en la UNESCO: nuevos horizontes.
260 _aParis :
_bUNESCO,
_c1989.
690 _aOrganizaciones intergubernamentales
690 _aProgramas de investigacion
905 _aUNESCO
999 _c137326
_d137326